Ont-ils déjà joué avec... Tom Hanks ? - Statistiques

Statistiques générales
  • Ce quiz a été pris 37 fois
  • Le résultat moyen est 2 sur 10
Answers on the Grid
Answers color-coded by a green-red scale on the quiz's grid according to % correct below.
Julia Roberts
Megan Fox
Danny DeVito
Donald Trump
Vincent Price
François Damiens
Nicole Kidman
Will Ferrell
Dustin Hoffman
Kate Winslet
Whitney Houston
Omar Sy
Rami Malek
Chris Cooper
Jason Schwartzman
Emily Blunt
Charlize Theron
Carrie Fisher
Emma Watson
Bruce Willis
 
Statistiques - réponses
Réponse % Correct
Omar Sy
50%
Emma Watson
31%
Julia Roberts
28%
Jason Schwartzman
25%
Carrie Fisher
19%
Charlize Theron
19%
Rami Malek
16%
Bruce Willis
13%
Emily Blunt
9%
Chris Cooper
6%
Aucun quiz correspondant
Distribution des résultats
% des personnes avec chaque résultat
Percentile par nombre de réponses
Votre historique - résultats
Vous n’avez pas pris ce quiz